Breve historia electoral argentina 1810 - 2007 /

Detalles Bibliográficos
Autor principal: Dalla Via, Alberto Ricardo
Autor Corporativo: e-libro, Corp
Formato: Desconocido
Lenguaje:español
Publicado: La Plata : Librera̕ Editora Platense S.R.L., 2009
Materias:
Acceso en línea:Acceso restringido

MARC

LEADER 00000ny a22000003n 4500
003 CaPaEBR
005 20110519122042.0
006 m u
007 cr cn|||||||||
008 201005r2009 ag |||||s|||||||||||spa d
020 |a 9789505362189 
035 |a 4977 
040 |a FlNmELB  |c FlNmELB  |d vLex 
050 1 4 |a JL2092  |b D144 2009eb 
050 1 4 |a JL2092  |b D144 2009eb 
080 |a 324 
082 0 4 |a 324.098 2  |2 22 
090 |c 42  |d 42 
100 1 |a Dalla Via, Alberto Ricardo 
245 1 0 |a Breve historia electoral argentina  |h [Recurso electrn̤ico]  |b 1810 - 2007 /  |c Alberto Ricardo Dalla Via 
256 |a Servicio en ln̕ea 
260 |a La Plata :  |b Librera̕ Editora Platense S.R.L.,  |c 2009 
300 |a 186 p 
506 1 |a Contenido solo disponible en los productos indicados  |d vLex Global  |d vLex Global (Academic Edition, excluding Law Schools)  |d vLex Global (U.S. Academic Edition, Law Schools)  |d vLex Global (U.S. Academic Edition, excluding Law Schools)  |d vLex Global (Academic Edition, Law Schools) 
650 0 4 |a Derecho 
710 2 |a e-libro, Corp 
740 |a vLex Libros (Servicios en ln̕ea) 
856 4 0 |z Acceso restringido  |u http://vlex.com/source/breve-historia-electoral-argentina-4977 
942 |c BOOK 
999 4 |a Law  |z Argentina 
999 4 |a Elections  |z Argentina